000 00304nam a22001097a 4500
008 230623b xxu||||| |||| 00| 0 eng d
082 _a330.9
_bEAC 2004
245 _aReport of the Committee on Fast Tracking East African Federation
260 _aTanzania
_bEAC
_c2004
300 _aVII,378p
942 _2ddc
_cBK
999 _c2519
_d2519